<?xml version="1.0" encoding="UTF-8"?>
<record
    xmlns:xsi="http://www.w3.org/2001/XMLSchema-instance"
    xsi:schemaLocation="http://www.loc.gov/MARC21/slim http://www.loc.gov/standards/marcxml/schema/MARC21slim.xsd"
    xmlns="http://www.loc.gov/MARC21/slim">

  <leader>00627nam a22001937a 4500</leader>
  <controlfield tag="003">MX-LbUP</controlfield>
  <controlfield tag="005">20241028081610.0</controlfield>
  <controlfield tag="008">230411b        mx |||||||||| 00| | spa d</controlfield>
  <datafield tag="020" ind1=" " ind2=" ">
    <subfield code="a">970640273X</subfield>
  </datafield>
  <datafield tag="040" ind1=" " ind2=" ">
    <subfield code="a">MX6ZV</subfield>
    <subfield code="b">spa</subfield>
    <subfield code="c">MX6ZV</subfield>
    <subfield code="d">UNAMX</subfield>
    <subfield code="d">MX-LbUP</subfield>
  </datafield>
  <datafield tag="050" ind1=" " ind2="4">
    <subfield code="a">QC174.8</subfield>
    <subfield code="b">G38 2005</subfield>
  </datafield>
  <datafield tag="100" ind1="1" ind2=" ">
    <subfield code="a">Garc&#xED;a-Col&#xED;n Scherer, Leopoldo</subfield>
    <subfield code="9">12436</subfield>
    <subfield code="e">autor</subfield>
  </datafield>
  <datafield tag="245" ind1="0" ind2="0">
    <subfield code="a">Introducci&#xF3;n a la f&#xED;sica estad&#xED;stica /</subfield>
    <subfield code="c">Leopoldo Garc&#xED;a-Col&#xED;n Scherer</subfield>
  </datafield>
  <datafield tag="260" ind1=" " ind2="1">
    <subfield code="a">M&#xE9;xico, D.F. :</subfield>
    <subfield code="b">El Colegio Nacional,</subfield>
    <subfield code="c">2005</subfield>
  </datafield>
  <datafield tag="300" ind1=" " ind2=" ">
    <subfield code="a">xii, 655 p&#xE1;ginas :</subfield>
    <subfield code="b">ilustraciones ;</subfield>
    <subfield code="c">21 cm.</subfield>
  </datafield>
  <datafield tag="650" ind1=" " ind2="0">
    <subfield code="a">F&#xED;sica</subfield>
    <subfield code="9">40</subfield>
  </datafield>
  <datafield tag="650" ind1=" " ind2="0">
    <subfield code="a">Estad&#xED;stica</subfield>
    <subfield code="9">918</subfield>
  </datafield>
  <datafield tag="942" ind1=" " ind2=" ">
    <subfield code="2">lcc</subfield>
    <subfield code="c">LB</subfield>
  </datafield>
  <datafield tag="999" ind1=" " ind2=" ">
    <subfield code="c">6676</subfield>
    <subfield code="d">6676</subfield>
  </datafield>
  <datafield tag="952" ind1=" " ind2=" ">
    <subfield code="0">0</subfield>
    <subfield code="1">0</subfield>
    <subfield code="2">lcc</subfield>
    <subfield code="4">0</subfield>
    <subfield code="7">0</subfield>
    <subfield code="a">UNPATX</subfield>
    <subfield code="b">UNPATX</subfield>
    <subfield code="d">2023-08-11</subfield>
    <subfield code="i">TX002359</subfield>
    <subfield code="l">0</subfield>
    <subfield code="o">QC174.8 G38 2005</subfield>
    <subfield code="p">TX002359</subfield>
    <subfield code="r">2023-08-11 12:20:18</subfield>
    <subfield code="t">Ej. 1</subfield>
    <subfield code="w">2023-08-11</subfield>
    <subfield code="y">LB</subfield>
  </datafield>
</record>
